[Event "Bengaluru Namma op 2nd"]
[Site "Bengaluru"]
[Date "2025.04.18"]
[Round "10"]
[White "Nguyen, Quoc Hy"]
[Black "Arnav, Maheshwari"]
[Result "1/2-1/2"]
[WhiteElo "2404"]
[BlackElo "2305"]
[PlyCount "48"]
[EventDate "2025.04.10"]
[EventType "swiss"]
[EventRounds "10"]
[EventCountry "IND"]
[SourceTitle "CB18_2025"]
[SourceDate "2025.04.30"]
[SourceVersion "1"]
[SourceVersionDate "2025.04.30"]
[SourceQuality "1"]

1. d4 Nf6 2. c4 e6 3. Nc3 Bb4 4. Qc2 d6 5. e4 c5 6. d5 e5 7. Bd3 0-0 8. Nge2 Nh5 9. h3 Qh4 10. g3 Qe7 11. g4 Nf4 12. Nxf4 exf4 13. Bxf4 f5 14. gxf5 Bxf5 15. Bg3 Bxc3+ 16. bxc3 Nd7 17. 0-0-0 Bg6 18. h4 Ne5 19. Rde1 Rae8 20. Re3 Ng4 21. Re2 Ne5 22. Re3 Ng4 23. Re2 Ne5 24. Re3 Ng4 1/2-1/2

[Event "Bengaluru Namma op 2nd"]
[Site "Bengaluru"]
[Date "2025.04.10"]
[Round "1"]
[White "Debayan, Ray"]
[Black "Nguyen, Quoc Hy"]
[Result "0-1"]
[WhiteElo "2017"]
[BlackElo "2404"]
[PlyCount "82"]
[EventDate "2025.04.10"]
[EventType "swiss"]
[EventRounds "10"]
[EventCountry "IND"]
[SourceTitle "CB18_2025"]
[SourceDate "2025.04.30"]
[SourceVersion "1"]
[SourceVersionDate "2025.04.30"]
[SourceQuality "1"]

1. e4 c5 2. Nf3 d6 3. d4 cxd4 4. Nxd4 Nf6 5. Nc3 a6 6. h3 Nc6 7. g4 g6 8. Be3 Nxd4 9. Qxd4 e5 10. Qd2 Be6 11. Bg2 h5 12. g5 Nd7 13. a4 Rc8 14. 0-0 Rc6 15. Nd5 Bxd5 16. exd5 Rc7 17. a5 Be7 18. Rfe1 h4 19. Bf3 Nf8 20. Bb6 Nh7 21. Qb4 Bxg5 22. Red1 Bf4 23. Bg2 0-0 24. Ra3 Qd7 25. Bxc7 Qxc7 26. Rc3 Qd7 27. Qb6 Ng5 28. Qc7 Qb5 29. Bf1 Qxb2 30. Rb3 Qa2 31. Rxb7 Nf3+ 32. Kh1 Nd2 33. Qc3 Ne4 34. Qf3 Qxc2 35. Re1 Nxf2+ 36. Kg1 Ng4 37. Re2 Qc5+ 38. Kh1 Ne3 39. Rb1 Nxd5 40. Bg2 Nc3 41. Rg1 Nxe2 0-1

[Event "Titled Tuesday intern op 25th Feb Early"]
[Site "Chess.com INT"]
[Date "2025.02.25"]
[Round "11"]
[White "Tillyaev, Ulugbek"]
[Black "Nguyen, Quoc Hy"]
[Result "0-1"]
[WhiteElo "2311"]
[BlackElo "2417"]
[PlyCount "108"]
[EventDate "2025.02.25"]
[EventType "swiss (blitz)"]
[EventRounds "11"]
[EventCountry "USA"]
[SourceTitle "CB10_2025"]
[SourceDate "2025.03.05"]
[SourceVersion "1"]
[SourceVersionDate "2025.03.05"]
[SourceQuality "1"]

1. b3 e5 2. Bb2 Nc6 3. e3 d5 4. Bb5 Bd6 5. f4 Qe7 6. Nf3 f6 7. Nc3 Be6 8. f5 Bf7 9. e4 d4 10. Nd5 Qd7 11. c3 a6 12. Bd3 Nge7 13. c4 Nxd5 14. cxd5 Nb4 15. Bb1 Qb5 16. d3 a5 17. a3 Na6 18. 0-0 Nc5 19. Bc2 0-0 20. Nd2 Nxd3 21. Qe2 Qd7 22. Bxd3 Bc5 23. Kh1 Kh8 24. Rf3 c6 25. dxc6 bxc6 26. Bc4 Bh5 27. Raf1 Bxf3 28. Rxf3 g5 29. fxg6 hxg6 30. Rg3 Kg7 31. Qh5 Qe8 32. Nf3 Rh8 33. Qg4 d3 34. Bxd3 Rd8 35. Nh4 Bf2 36. Nxg6 Rxh2+ 37. Kxh2 Bxg3+ 38. Kxg3 Qxg6 39. Qxg6+ Kxg6 40. Bc4 Rd2 41. Bc3 Ra2 42. a4 f5 43. exf5+ Kxf5 44. Bxa5 e4 45. Bb6 Ke5 46. a5 Kd6 47. a6 c5 48. Bb5 Ra3 49. Ba4 c4 50. a7 cxb3 51. a8Q b2+ 52. Kf4 b1Q 53. Qc6+ Ke7 54. Bc5+ Kf7 0-1

[Event "Titled Tuesday intern op 25th Feb Early"]
[Site "Chess.com INT"]
[Date "2025.02.25"]
[Round "5"]
[White "Zaichenko, Daria"]
[Black "Nguyen, Quoc Hy"]
[Result "0-1"]
[WhiteElo "2104"]
[BlackElo "2417"]
[PlyCount "64"]
[EventDate "2025.02.25"]
[EventType "swiss (blitz)"]
[EventRounds "11"]
[EventCountry "USA"]
[SourceTitle "CB10_2025"]
[SourceDate "2025.03.05"]
[SourceVersion "1"]
[SourceVersionDate "2025.03.05"]
[SourceQuality "1"]

1. e4 c5 2. Nc3 d6 3. f4 g6 4. Nf3 Bg7 5. Bc4 e6 6. d3 Ne7 7. Be3 0-0 8. Qd2 d5 9. exd5 exd5 10. Bxc5 dxc4 11. 0-0 cxd3 12. cxd3 Nbc6 13. d4 b6 14. Bxe7 Nxe7 15. Ne5 Bb7 16. Rae1 Nf5 17. d5 Rc8 18. g4 Nd6 19. Ne2 Re8 20. Ng3 Bxe5 21. fxe5 Nc4 22. Qh6 Bxd5 23. Rf5 Rc6 24. e6 Rcxe6 25. Rd1 gxf5 26. Qh5 Ne3 27. Rd4 Nxg4 28. Qxf5 Re1+ 29. Nf1 Ne3 30. Qf4 Rxf1+ 31. Qxf1 Qg5+ 32. Kf2 Nxf1 0-1

[Event "Caspian Cup 21st"]
[Site "Bandar e Anzali"]
[Date "2025.02.16"]
[Round "7"]
[White "Nguyen, Quoc Hy"]
[Black "Tahbaz, Arash"]
[Result "0-1"]
[WhiteElo "2417"]
[BlackElo "2435"]
[PlyCount "112"]
[EventDate "2025.02.11"]
[EventType "swiss"]
[EventRounds "9"]
[EventCountry "IRI"]
[SourceTitle "CB11_2025"]
[SourceDate "2025.03.12"]
[SourceVersion "1"]
[SourceVersionDate "2025.03.12"]
[SourceQuality "1"]

1. d4 Nf6 2. c4 e6 3. Nc3 Bb4 4. e3 b6 5. Nge2 Ne4 6. Qc2 Bb7 7. h4 0-0 8. a3 Bxc3+ 9. Nxc3 Nxc3 10. Qxc3 d5 11. b3 Nd7 12. Bb2 Qf6 13. Qc2 Qe7 14. Bd3 f5 15. h5 h6 16. cxd5 Bxd5 17. Qxc7 f4 18. Bb5 fxe3 19. f3 Rac8 20. Qg3 Rc2 21. Bc1 e5 22. Bd3 Rc3 23. Qg6 Nf6 24. dxe5 Qxe5 25. Bb2 Bf7 26. Bc4 Nd5 27. Qg4 Be6 28. Qg6 Bf7 29. Qg4 Be6 30. Qg6 Bf5 31. f4 Qxf4 32. Rf1 Qxf1+ 33. Bxf1 Bxg6 34. Bxc3 Nxc3 35. hxg6 e2 36. Bxe2 Re8 37. Kd2 Rxe2+ 38. Kxc3 Rxg2 39. Rd1 Rxg6 40. b4 b5 41. Rd7 a6 42. Kd4 h5 43. Ke5 h4 44. Kf5 Rh6 45. Rd8+ Kh7 46. Rd2 h3 47. Rh2 Rh5+ 48. Kg4 Kh6 49. Kf4 Rh4+ 50. Kg3 g5 51. Kf3 Kh5 52. Kg3 Rg4+ 53. Kf3 Kh4 54. Rd2 Rf4+ 55. Ke3 Kg3 56. Rd5 g4 0-1

[Event "Goa op"]
[Site "Taleigao"]
[Date "2025.01.19"]
[Round "10"]
[White "Nithik, Reddy Bhavanam"]
[Black "Nguyen, Quoc Hy"]
[Result "0-1"]
[WhiteElo "1846"]
[BlackElo "2418"]
[PlyCount "90"]
[EventDate "2025.01.11"]
[EventType "swiss"]
[EventRounds "10"]
[EventCountry "IND"]
[SourceTitle "CB04_2025"]
[SourceDate "2025.01.22"]
[SourceVersion "1"]
[SourceVersionDate "2025.01.22"]
[SourceQuality "1"]

1. e4 c5 2. Nf3 d6 3. d4 cxd4 4. Nxd4 Nf6 5. Nc3 a6 6. Be3 Ng4 7. Bg5 h6 8. Bc1 Nf6 9. Bd3 e5 10. Nde2 Be7 11. 0-0 0-0 12. Ng3 Nbd7 13. Nf5 Nc5 14. Qf3 b5 15. b4 Nxd3 16. cxd3 Bxf5 17. Qxf5 Qc8 18. Qxc8 Raxc8 19. Bd2 d5 20. a3 dxe4 21. dxe4 Rfd8 22. Be1 Rd3 23. f3 Bd8 24. a4 Bb6+ 25. Kh1 Bd4 26. axb5 axb5 27. Rd1 Rdxc3 28. Bxc3 Rxc3 29. Rc1 Rc4 30. Rb1 g5 31. Rfc1 g4 32. Rxc4 bxc4 33. b5 Nd7 34. fxg4 c3 35. Rc1 Nf6 36. b6 Bxb6 37. Rxc3 Nxe4 38. Rc8+ Kg7 39. h3 Ng3+ 40. Kh2 Nf1+ 41. Kh1 e4 42. Re8 Ng3+ 43. Kh2 Bf2 44. g5 hxg5 45. h4 gxh4 0-1

[Event "Goa op"]
[Site "Taleigao"]
[Date "2025.01.14"]
[Round "5"]
[White "Ghosh, Diptayan"]
[Black "Nguyen, Quoc Hy"]
[Result "1/2-1/2"]
[WhiteElo "2569"]
[BlackElo "2418"]
[PlyCount "60"]
[EventDate "2025.01.11"]
[EventType "swiss"]
[EventRounds "10"]
[EventCountry "IND"]
[SourceTitle "CB04_2025"]
[SourceDate "2025.01.22"]
[SourceVersion "1"]
[SourceVersionDate "2025.01.22"]
[SourceQuality "1"]

1. d4 Nf6 2. c4 e6 3. Nc3 Bb4 4. e3 0-0 5. Bd3 c5 6. Nge2 d5 7. cxd5 cxd4 8. exd4 Nxd5 9. 0-0 Nc6 10. a3 Bd6 11. Re1 Re8 12. Bc2 Bd7 13. Ng3 Nce7 14. Nge4 Bc6 15. Qd3 Ng6 16. Nxd6 Qxd6 17. Ne4 Qc7 18. Bd2 Rad8 19. Qg3 Qxg3 20. hxg3 Nb6 21. Bc3 Na4 22. Rad1 Ne7 23. Bxa4 Bxa4 24. Rc1 Bc6 25. Nd2 Bd5 26. Nf1 Nc6 27. Red1 Rd7 28. b4 a6 29. Ne3 Red8 30. Bb2 h6 1/2-1/2

[Event "Goa op"]
[Site "Taleigao"]
[Date "2025.01.12"]
[Round "3"]
[White "Nguyen, Quoc Hy"]
[Black "Vignesh, B2."]
[Result "1-0"]
[WhiteElo "2418"]
[BlackElo "2135"]
[PlyCount "93"]
[EventDate "2025.01.11"]
[EventType "swiss"]
[EventRounds "10"]
[EventCountry "IND"]
[SourceTitle "CB04_2025"]
[SourceDate "2025.01.22"]
[SourceVersion "1"]
[SourceVersionDate "2025.01.22"]
[SourceQuality "1"]

1. d4 Nf6 2. c4 e6 3. Nc3 d5 4. Bg5 Nbd7 5. e3 c6 6. Nf3 h6 7. Bh4 Be7 8. Bd3 Nh5 9. Bxe7 Qxe7 10. 0-0 Nhf6 11. Ne5 dxc4 12. Bxc4 0-0 13. f4 c5 14. Qf3 cxd4 15. exd4 Nb6 16. Bb3 Rd8 17. Rad1 Qb4 18. f5 Nbd5 19. Nxf7 Kxf7 20. fxe6+ Bxe6 21. Bxd5 Qb6 22. Qe4 Rd6 23. Rxf6+ gxf6 24. Qh7+ Ke8 25. Bxe6 Rxe6 26. Nd5 Qd6 27. Nc7+ Kd8 28. Nxe6+ Qxe6 29. Qh8+ Qe8 30. Qxf6+ Kd7 31. Qxh6 Rc8 32. Qg7+ Kd8 33. Qg5+ Kc7 34. Qe5+ Kd7 35. Qxe8+ Rxe8 36. Rd2 Kd6 37. g4 b5 38. Kg2 a5 39. h4 b4 40. Kf3 Rf8+ 41. Kg3 Kd5 42. g5 a4 43. h5 Rf1 44. g6 Ke4 45. g7 Ke3 46. Rg2 Rf3+ 47. Kh2 1-0

[Event "Bhubaneswar Odisha op"]
[Site "Bhubaneswar"]
[Date "2024.12.17"]
[Round "4"]
[White "Ayush, Sharma"]
[Black "Nguyen, Quoc Hy"]
[Result "0-1"]
[WhiteElo "2466"]
[BlackElo "2373"]
[PlyCount "112"]
[EventDate "2024.12.15"]
[EventType "swiss"]
[EventRounds "10"]
[EventCountry "IND"]
[SourceTitle "CB52_2024"]
[SourceDate "2024.12.25"]
[SourceVersion "1"]
[SourceVersionDate "2024.12.25"]
[SourceQuality "1"]

1. e4 c5 2. Nf3 d6 3. d4 cxd4 4. Nxd4 Nf6 5. Nc3 a6 6. Bd3 g6 7. f3 Nc6 8. Be3 Bg7 9. Qd2 0-0 10. 0-0-0 d5 11. Nxc6 bxc6 12. Bc4 e6 13. Bb3 Qc7 14. Bh6 Bxh6 15. Qxh6 a5 16. h4 Nh5 17. g4 Qf4+ 18. Qxf4 Nxf4 19. exd5 exd5 20. Rhe1 Ng2 21. Rh1 Nf4 22. h5 g5 23. Rhe1 Be6 24. Na4 Rfb8 25. h6 Rb5 26. c3 Rc8 27. Bc2 Rcb8 28. a3 c5 29. Re5 f6 30. Re3 c4 31. Rde1 Bf7 32. Re7 R8b7 33. Bf5 Bg6 34. Bxg6 hxg6 35. Kc2 Kh8 36. Rxb7 Rxb7 37. Nc5 Ra7 38. Re8+ Kh7 39. Kd2 Rc7 40. Ne6 Rb7 41. Nxf4 gxf4 42. Kc2 Kxh6 43. Re6 Kg5 44. Rd6 Kh4 45. Rxf6 Kg3 46. Rxg6 Kxf3 47. g5 Kg2 48. Rf6 f3 49. Kd2 f2 50. Ke3 f1Q 51. Rxf1 Kxf1 52. Kd4 Rxb2 53. Kxd5 Rb5+ 54. Kxc4 Rxg5 55. Kd4 Rg4+ 56. Kc5 Ra4 0-1

[Event "Bhubaneswar op-A 15th"]
[Site "Bhubaneswar"]
[Date "2024.12.08"]
[Round "9"]
[White "Nguyen, Quoc Hy"]
[Black "Aronyak, Ghosh"]
[Result "1/2-1/2"]
[WhiteElo "2373"]
[BlackElo "2547"]
[PlyCount "34"]
[EventDate "2024.12.02"]
[EventType "swiss"]
[EventRounds "10"]
[EventCountry "IND"]
[SourceTitle "CB50_2024"]
[SourceDate "2024.11.01"]
[SourceVersion "1"]
[SourceVersionDate "2024.11.01"]
[SourceQuality "2"]

1. d4 Nf6 2. c4 e6 3. Nc3 Bb4 4. e3 0-0 5. Bd3 d5 6. Nge2 dxc4 7. Bxc4 a6 8. a3 Be7 9. e4 c5 10. e5 Nfd7 11. f4 b5 12. Ba2 Bb7 13. 0-0 cxd4 14. Nxd4 Nc6 15. Nxc6 Bxc6 16. Be3 Qc7 17. Qg4 Qb7 1/2-1/2

[Event "Bhubaneswar op-A 15th"]
[Site "Bhubaneswar"]
[Date "2024.12.06"]
[Round "6"]
[White "Abhishek, TM."]
[Black "Nguyen, Quoc Hy"]
[Result "0-1"]
[WhiteElo "2030"]
[BlackElo "2373"]
[PlyCount "78"]
[EventDate "2024.12.02"]
[EventType "swiss"]
[EventRounds "10"]
[EventCountry "IND"]
[SourceTitle "CB50_2024"]
[SourceDate "2024.11.01"]
[SourceVersion "1"]
[SourceVersionDate "2024.11.01"]
[SourceQuality "2"]

1. e4 c5 2. Nf3 d6 3. d4 cxd4 4. Nxd4 Nf6 5. Nc3 a6 6. Rg1 e5 7. Nb3 h5 8. h3 Be6 9. Be3 h4 10. Qd2 Nbd7 11. 0-0-0 b5 12. f4 Be7 13. a3 Qc7 14. Kb1 Nb6 15. f5 Bd7 16. Qf2 Nc4 17. Bxc4 bxc4 18. Bb6 Qc6 19. Na5 Nxe4 20. Nxc6 Nxf2 21. Nxe7 Nxd1 22. Ncd5 Nc3+ 23. bxc3 Rb8 24. Ka2 Rxb6 25. Nxb6 Kxe7 26. Nd5+ Kd8 27. Rb1 Bxf5 28. Rb6 Kd7 29. Rxa6 Be4 30. Ra7+ Ke6 31. Ne3 g5 32. Kb2 f5 33. Rg7 f4 34. Nxc4 d5 35. Nd2 Kf6 36. Rd7 Bxg2 37. a4 e4 38. Rxd5 e3 39. Rd6+ Ke5 0-1

[Event "Budapest Eperjesi Memorial"]
[Site "Budapest"]
[Date "2024.11.21"]
[Round "9"]
[White "Pap, Misa"]
[Black "Nguyen, Quoc Hy"]
[Result "0-1"]
[WhiteElo "2401"]
[BlackElo "2367"]
[PlyCount "122"]
[EventDate "2024.11.13"]
[EventType "tourn"]
[EventRounds "9"]
[EventCountry "HUN"]
[EventCategory "6"]
[SourceTitle "CB48_2024"]
[SourceDate "2024.11.28"]
[SourceVersion "1"]
[SourceVersionDate "2024.11.28"]
[SourceQuality "1"]

1. e4 c5 2. Nf3 d6 3. d4 cxd4 4. Nxd4 Nf6 5. Nc3 a6 6. g3 e5 7. Nde2 Be7 8. Bg2 0-0 9. a4 Nbd7 10. 0-0 b6 11. h3 Bb7 12. g4 b5 13. g5 Ne8 14. h4 Nc7 15. Ng3 b4 16. Nd5 Nxd5 17. exd5 f5 18. a5 Rc8 19. f4 g6 20. Be3 Rc4 21. Rf2 Qc7 22. b3 Rc3 23. Qd2 Rc8 24. Ra4 exf4 25. Bxf4 Qc5 26. Ne2 Rxc2 27. Qe3 Ne5 28. Qxc5 R8xc5 29. Be3 Nd3 30. Bxc5 dxc5 31. d6 Bxg2 32. Rxg2 Bxd6 33. Ra1 c4 34. Rb1 Bc5+ 35. Kf1 c3 36. Rd1 Rb2 37. Nc1 Nxc1 38. Rxc1 Be3 39. Rcc2 Bd2 40. Rgxd2 cxd2 41. Rc8+ Kf7 42. Ke2 Rxb3 43. Rc7+ Ke6 44. Kxd2 f4 45. Rxh7 Rb2+ 46. Ke1 b3 47. Rb7 Kf5 48. Rb6 Kg4 49. Rxg6 Ra2 50. Rb6 b2 51. Kd1 Ra1+ 52. Kc2 b1Q+ 53. Rxb1 Rxb1 54. Kxb1 f3 55. g6 f2 56. g7 f1Q+ 57. Kc2 Qc4+ 58. Kb1 Qb3+ 59. Kc1 Qc3+ 60. Kd1 Qxg7 61. h5 Qb2 0-1

[Event "Budapest Eperjesi Memorial"]
[Site "Budapest"]
[Date "2024.11.18"]
[Round "6"]
[White "Doshi, Moksh Amitbhai"]
[Black "Nguyen, Quoc Hy"]
[Result "1/2-1/2"]
[WhiteElo "2391"]
[BlackElo "2367"]
[PlyCount "50"]
[EventDate "2024.11.13"]
[EventType "tourn"]
[EventRounds "9"]
[EventCountry "HUN"]
[EventCategory "6"]
[SourceTitle "CB48_2024"]
[SourceDate "2024.11.28"]
[SourceVersion "1"]
[SourceVersionDate "2024.11.28"]
[SourceQuality "1"]

1. d4 Nf6 2. c4 e6 3. Nf3 d5 4. g3 Bb4+ 5. Bd2 Be7 6. Bg2 0-0 7. 0-0 c6 8. Qc2 Nbd7 9. Rd1 b6 10. b3 Ba6 11. Nc3 dxc4 12. e4 Re8 13. e5 Nd5 14. bxc4 Bxc4 15. Ne4 Be2 16. Neg5 Nf8 17. Re1 Bxf3 18. Nxf3 c5 19. dxc5 Bxc5 20. Qa4 a5 21. Qg4 Bb4 22. Bxb4 Nxb4 23. Rad1 Qe7 24. Nd4 Rad8 25. Rd2 Qc5 1/2-1/2

[Event "Budapest Eperjesi Memorial"]
[Site "Budapest"]
[Date "2024.11.15"]
[Round "3"]
[White "Nguyen, Quoc Hy"]
[Black "Berczes, David"]
[Result "1/2-1/2"]
[WhiteElo "2367"]
[BlackElo "2413"]
[PlyCount "47"]
[EventDate "2024.11.13"]
[EventType "tourn"]
[EventRounds "9"]
[EventCountry "HUN"]
[EventCategory "6"]
[SourceTitle "CB48_2024"]
[SourceDate "2024.11.28"]
[SourceVersion "1"]
[SourceVersionDate "2024.11.28"]
[SourceQuality "1"]

1. d4 Nf6 2. c4 e6 3. Nc3 Bb4 4. e3 0-0 5. Bd3 Re8 6. Nf3 d6 7. 0-0 Bxc3 8. bxc3 e5 9. dxe5 dxe5 10. Nxe5 Qe7 11. Nf3 Bg4 12. Be2 Ne4 13. Bb2 Bxf3 14. Bxf3 Nc6 15. Qe2 f5 16. Rad1 Ne5 17. Rd4 Nxf3+ 18. Qxf3 c5 19. Rd5 g6 20. Rfd1 Nf6 21. R5d3 Rad8 22. Qe2 Rxd3 23. Qxd3 Kf7 24. a4 1/2-1/2

[Event "Budapest Vezerkepzo Haag GM 11"]
[Site "Budapest"]
[Date "2024.11.11"]
[Round "10"]
[White "Chen, Hongsen"]
[Black "Nguyen, Quoc Hy"]
[Result "1-0"]
[WhiteElo "2442"]
[BlackElo "2367"]
[PlyCount "41"]
[EventDate "2024.11.04"]
[EventType "swiss"]
[EventRounds "10"]
[EventCountry "HUN"]
[SourceTitle "CB45_2024"]
[Source "ChessBase"]
[SourceDate "2024.11.06"]
[SourceVersion "1"]
[SourceVersionDate "2024.11.06"]
[SourceQuality "1"]

1. e4 c5 2. Nf3 d6 3. Bb5+ Nc6 4. Bxc6+ bxc6 5. 0-0 Bg4 6. h3 Bh5 7. e5 dxe5 8. d3 Nf6 9. g4 e4 10. dxe4 Qxd1 11. Rxd1 Bg6 12. e5 Bxc2 13. Re1 Nd5 14. Na3 Bg6 15. e6 f6 16. Bd2 0-0-0 17. Rac1 Nc7 18. Rxc5 Rd6 19. Nc4 Rxe6 20. Rxe6 Nxe6 21. Rxc6+ 1-0

[Event "Budapest Vezerkepzo Haag GM 11"]
[Site "Budapest"]
[Date "2024.11.08"]
[Round "6"]
[White "Nguyen, Quoc Hy"]
[Black "Doshi, Moksh Amitbhai"]
[Result "1-0"]
[WhiteElo "2367"]
[BlackElo "2391"]
[PlyCount "81"]
[EventDate "2024.11.04"]
[EventType "swiss"]
[EventRounds "10"]
[EventCountry "HUN"]
[SourceTitle "CB45_2024"]
[Source "ChessBase"]
[SourceDate "2024.11.06"]
[SourceVersion "1"]
[SourceVersionDate "2024.11.06"]
[SourceQuality "1"]

1. d4 Nf6 2. c4 e6 3. g3 d5 4. Nf3 Bb4+ 5. Bd2 Be7 6. Bg2 0-0 7. 0-0 c6 8. Qc2 Nbd7 9. Bf4 h6 10. b3 b6 11. Nbd2 g5 12. Be5 Bb7 13. e4 Rc8 14. Rad1 Nh7 15. g4 Nxe5 16. Nxe5 dxc4 17. Ndxc4 Qc7 18. d5 cxd5 19. exd5 Bxd5 20. Rxd5 exd5 21. Nxf7 Kg7 22. Bxd5 b5 23. Qf5 Qf4 24. Ne3 Rc5 25. Qe6 Rxd5 26. Qxh6+ Kxf7 27. Qxh7+ Ke8 28. Qxe7+ Kxe7 29. Nxd5+ Kd6 30. Nxf4 Rxf4 31. f3 Rd4 32. Kg2 a5 33. Kg3 a4 34. bxa4 bxa4 35. Rf2 a3 36. h4 gxh4+ 37. Kxh4 Rb4 38. Rd2+ Ke5 39. Rd3 Kf4 40. Rxa3 Rb1 41. Kh5 1-0

[Event "Titled Tuesday intern op 10th Sep Early"]
[Site "Chess,com INT"]
[Date "2024.09.10"]
[Round "5"]
[White "De Silva, LMST"]
[Black "Nguyen, Quoc Hy"]
[Result "0-1"]
[WhiteElo "2370"]
[BlackElo "2302"]
[PlyCount "88"]
[EventDate "2024.09.10"]
[EventType "swiss (blitz)"]
[EventRounds "11"]
[EventCountry "USA"]
[SourceTitle "EXT 2025"]
[Source "ChessBase"]
[SourceDate "2024.10.14"]
[SourceVersion "1"]
[SourceVersionDate "2024.10.14"]
[SourceQuality "1"]

1. e4 e5 2. Nf3 Nc6 3. Bb5 Nf6 4. 0-0 d6 5. Re1 Be7 6. c3 0-0 7. h3 Nb8 8. d4 c6 9. Ba4 Qc7 10. Nbd2 Re8 11. Nf1 Nbd7 12. Ng3 Nf8 13. Bb3 Be6 14. Bxe6 Nxe6 15. Nf5 Bf8 16. dxe5 dxe5 17. Ng5 Nc5 18. b4 Rad8 19. Qf3 Nd3 20. Rd1 Nxc1 21. Raxc1 h6 22. Nxh6+ gxh6 23. Qxf6 Bg7 24. Rxd8 Rxd8 25. Qf5 hxg5 26. Qxg5 Qd6 27. Qg4 Qe6 28. Qg5 Qf6 29. Qg4 Qf4 30. Qxf4 exf4 31. Rc2 Be5 32. Kh2 f3+ 33. g3 Rd3 34. c4 Rc3 35. Rxc3 Bxc3 36. b5 c5 37. h4 Bd4 38. Kh3 Bxf2 39. Kg4 Kg7 40. Kxf3 Be1 41. Kg4 Kf6 42. Kf4 Bd2+ 43. Kf3 Ke5 44. g4 Be1 0-1

[Event "Titled Tuesday intern op 10th Sep Early"]
[Site "Chess,com INT"]
[Date "2024.09.10"]
[Round "9"]
[White "Xiao, Tong"]
[Black "Nguyen, Quoc Hy"]
[Result "0-1"]
[WhiteElo "2492"]
[BlackElo "2302"]
[PlyCount "38"]
[EventDate "2024.09.10"]
[EventType "swiss (blitz)"]
[EventRounds "11"]
[EventCountry "USA"]
[SourceTitle "EXT 2025"]
[Source "ChessBase"]
[SourceDate "2024.10.14"]
[SourceVersion "1"]
[SourceVersionDate "2024.10.14"]
[SourceQuality "1"]

1. c4 e5 2. g3 f5 3. Bg2 Nf6 4. d3 Be7 5. Nf3 d6 6. Nc3 0-0 7. 0-0 Qe8 8. b4 Qh5 9. Rb1 Nc6 10. b5 Nd8 11. a4 f4 12. Nd5 Nxd5 13. cxd5 Bh3 14. Bb2 Nf7 15. Rc1 Rac8 16. Rc4 Ng5 17. Nxg5 Bxg5 18. f3 fxg3 19. Bc1 Bxg2 0-1

[Event "VIE-ch"]
[Site "Hanoi"]
[Date "2024.03.13"]
[Round "5"]
[White "Nguyen, Hoang Duc"]
[Black "Nguyen, Quoc Hy"]
[Result "0-1"]
[WhiteElo "2027"]
[BlackElo "2354"]
[PlyCount "84"]
[EventDate "2024.03.11"]
[EventType "swiss"]
[EventRounds "9"]
[EventCountry "VIE"]
[SourceTitle "CBM 219 Extra"]
[Source "ChessBase"]
[SourceDate "2024.05.31"]
[SourceVersion "1"]
[SourceVersionDate "2024.05.31"]
[SourceQuality "1"]

1. e4 c5 2. Nf3 Nc6 3. Bb5 g6 4. 0-0 Bg7 5. c3 e5 6. d4 cxd4 7. cxd4 exd4 8. Bf4 a6 9. Bc4 d6 10. Qb3 Qd7 11. Nbd2 Nf6 12. Ng5 0-0 13. Bxf7+ Rxf7 14. Nc4 h6 15. Nb6 hxg5 16. Nxd7 Bxd7 17. Bg3 Nxe4 18. Qxb7 Ra7 19. Qb6 Be8 20. Qb3 Nd2 21. Qd5 Nxf1 22. Rxf1 Ne5 23. Qxd6 Rfd7 24. Qb8 Re7 25. f4 Nc4 26. f5 gxf5 27. Rxf5 d3 28. Qb3 d2 29. Qxc4+ Bf7 30. Qa4 Re1+ 31. Rf1 d1Q 32. Qxd1 Rxd1 33. Rxd1 Bxa2 34. Rd8+ Kh7 35. b4 Rb7 36. h4 gxh4 37. Bxh4 Rxb4 38. Bg3 Rb7 39. Bf4 a5 40. Ra8 Bc3 41. Be3 Bb3 42. g4 a4 0-1

[Event "Asia-ch U18"]
[Site "Al Ain"]
[Date "2023.12.21"]
[Round "9"]
[White "Nguyen, Quoc Hy"]
[Black "Darini, Iliya"]
[Result "1/2-1/2"]
[WhiteElo "2387"]
[BlackElo "2076"]
[PlyCount "79"]
[EventDate "2023.12.14"]
[EventType "swiss"]
[EventRounds "9"]
[EventCountry "UAE"]
[SourceTitle "EXT 2025"]
[Source "ChessBase"]
[SourceDate "2024.10.14"]
[SourceVersion "1"]
[SourceVersionDate "2024.10.14"]
[SourceQuality "1"]

1. c4 e5 2. Nc3 Bb4 3. g3 Bxc3 4. dxc3 d6 5. Bg2 Nc6 6. c5 Nge7 7. cxd6 cxd6 8. Nf3 0-0 9. 0-0 h6 10. e4 Be6 11. b3 Qd7 12. c4 Bh3 13. Bxh3 Qxh3 14. Qxd6 Rad8 15. Qc5 Ng6 16. Qe3 Rd6 17. Qe2 f5 18. exf5 Rxf5 19. Qe4 Rxf3 20. Qxf3 Nh4 21. Qh1 Qxf1+ 22. Kxf1 Rd1+ 23. Ke2 Rxh1 24. gxh4 Nd4+ 25. Kd3 Rd1+ 26. Ke3 Kf7 27. b4 Nc2+ 28. Ke2 Rd4 29. Rb1 Rxc4 30. Kd3 b5 31. Bd2 e4+ 32. Ke2 Nd4+ 33. Kf1 Nf5 34. a3 Nxh4 35. Be3 a6 36. Rd1 Nf5 37. Bc5 Ke6 38. Rd8 Rc3 39. a4 bxa4 40. Ra8 1/2-1/2